Classic TV Show by Trading Card Wrapper Quiz Stats

Quiz Updated Aug 13, 2016

Also try: TV Shows by Car
Challenge
Share
Tweet
Score 0/35 Timer 06:00
1 Play Today
% Correct
Batman
90.8%
ALF
89.8%
Three's Company
88%
Dallas
87.3%
Magnum, P.I.
86.8%
Mork & Mindy
86.6%
The A-Team
86.1%
Star Trek
85.9%
The Dukes of Hazzard
84.6%
The Munsters
84.6%
Knight Rider
83.6%
The Bionic Woman
83.4%
The Monkees
83.2%
Happy Days
82.3%
CHiPs
81.3%
Gilligan's Island
79.7%
Hogan's Heroes
79%
Welcome Back, Kotter
78.6%
% Correct
The Partridge Family
78.3%
Max Headroom
77.2%
Growing Pains
74.7%
Charlie's Angels
74.1%
The Mod Squad
74%
The Man from U.N.C.L.E.
72.3%
McHale's Navy
72.2%
Get Smart
70.4%
The Six Million
Dollar Man
70.1%
21 Jump Street
69.4%
The Beverly Hillbillies
69.2%
The Addams Family
67.7%
The Waltons
66.2%
Battlestar Galactica
63.3%
The Brady Bunch
61.2%
Buck Rogers
51.8%
Space: 1999
44.8%

You're not logged in!

Compare scores with friends on all Sporcle quizzes.
Join for Free
OR
Log In

You Might Also Like...

Show Comments

Extras

Top Quizzes Today


Score Distribution

Your Account Isn't Verified!

In order to create a playlist on Sporcle, you need to verify the email address you used during registration. Go to your Sporcle Settings to finish the process.

Report this User

Report this user for behavior that violates our Community Guidelines.

Details: